O Poço da Bruxa (Record no. 128244)
[ view plain ]
| 000 -LÍDER | |
|---|---|
| campo de controle de tamanho fixo | 01868 a2200169 4500 |
| 001 - NÚMERO DE CONTROLE | |
| campo de controle | 128244 |
| 020 ## - ISBN - INTERNATIONAL STANDARD BOOK NUMBER | |
| ISBN - International Standard Book Number | 978-8516006327 |
| 040 ## - FONTE DA CATALOGAÇÃO | |
| Instituição que transcreveu o registro | Escola Canadense de Niteroi |
| 090 ## - NÚMERO DE CHAMADA LOCAL | |
| Número de chamada (OCLC) (R); Número de chamada, CALL (RLIN) (NR) | KUP |
| 100 ## - ENTRADA PRINCIPAL--NOME PESSOAL | |
| Nome pessoal | Kupstas, Marcia |
| 245 10 - TÍTULO | |
| Título | O Poço da Bruxa |
| 250 ## - EDIÇÃO | |
| Edição | 1 |
| 260 ## - PUBLICAÇÃO, DISTRIBUIÇÃO, ETC. | |
| Local de publicação, distribuição, etc. | São Paulo |
| 362 0# - DATAS DE PUBLICAÇÃO E/OU DESIGNAÇÃO SEQUENCIAL | |
| Datas de publicação e/ou designação sequencial | 1988 |
| 520 ## - NOTA DE RESUMO, ETC | |
| Resumo, etc. | Muitas vezes sem ter com quem dividir dúvidas e riscos, algumas mães precisam fazer mágica para educar os filhos. Resumindo: para não deixar a peteca cair, é preciso, antes de qualquer coisa, ter o dom da criatividade à flor da pele. E exercê-lo sempre. Esse é o caso da mãe de Zacarias, protagonista de O filho da bruxa , de Marcia Kupstas. O menino garante que ela é uma bruxa. Mas não daquelas feias ou velhas, rodeada de morcegos e caldeirões. Trata-se de uma pessoa comum, exceto pelos poderes mágicos. Por meio deles, oferece ao filho emoções únicas. Tem, por exemplo, um escorpião venenoso que corta as unhas do menino. Já no castigo do sótão, ele costuma fazer confidências com um sábio dragão com mais de 1.000 anos. No quintal de casa, encontra fadas que temem gatos falantes. E para falar a verdade, lá, até a comida é bem diferente da que Zacarias costuma encontrar na casa de seus amigos. Já imaginaram a mistura de purê de batata e arroz com pedaços de besouro? Que delícia! Mas é na hora da brincadeira que a festa se completa, com a mãe conseguindo transportá-lo para dentro de seu desenho predileto para viver eletrizantes aventuras. Assim como os adultos, as crianças não escapam aos problemas. Também elas têm a parte que lhes cabe de desconforto no dia-a-dia. Mas só que os pequenos levam vantagem sobre os grandes. Afinal são eles os maiores fazedores de fantasia. Munição não lhes falta para vencer os obstáculos que a sorte cisma em jogar no meio de seus caminhos. |
| 942 ## - ELEMENTOS DE ENTRADA ADICIONADOS (KOHA) | |
| Tipo de material Koha | Livros |
| Situação do descarte | Situação das perdas | Situação física | Não pode ser emprestado | Biblioteca de origem | Biblioteca atual | Data de aquisição | Total de empréstimos | Número de chamada completo | Código de barras | Data de último acesso | Data do preço efetivo | Tipo de material Koha |
|---|---|---|---|---|---|---|---|---|---|---|---|---|
| Canadian School of Niterói - Piratininga | Canadian School of Niterói - Piratininga | 09/02/2024 | KUP | A26087 | 09/02/2024 | 09/02/2024 | Livros |